| 000 | 01071nam a22003497a 4500 | ||
|---|---|---|---|
| 003 | CHAP | ||
| 005 | 20220329133218.0 | ||
| 008 | 971013s1987 r 00010 d | ||
| 010 | _a3445 | ||
| 011 | _a4417 | ||
| 035 | _a3620 | ||
| 040 | _cCHAP | ||
| 082 |
_a627 _bF7 |
||
| 100 | 0 | 0 |
_aFrench, Richard H. _943174 |
| 245 | _aHydraulic processes on alluvial fans | ||
| 260 |
_aAmsterdam : _bElsevier, _c1987 |
||
| 300 |
_a244 p. _b: ilus |
||
| 490 | _aDevelopments in water science, 31 | ||
| 500 | _aD50-13 | ||
| 590 |
_aBATCH-UPD _b10 _c20130110 _lUCH01 _h0005 |
||
| 590 |
_aBATCH-UPD _b10 _c20130110 _lUCH01 _h1536 |
||
| 590 |
_aBATCH-UPD _b10 _c20130410 _lUCH01 _h0940 |
||
| 590 |
_aBATCH-UPD _b10 _c20130914 _lUCH01 _h0252 |
||
| 590 |
_aCONVERSION _b10 _c20130109 _lUCH01 _h1303 |
||
| 650 | 1 | 4 |
_aAluvión. _94736 |
| 650 | 1 | 4 |
_aCanales. _918255 |
| 650 | 1 | 4 |
_aIngeniería hidráulica. _958235 |
| 830 | 0 |
_aDevelopments in water science, 31 _932302 |
|
| 901 | _aBK | ||
| 942 | _cLIBRO | ||
| 949 |
_a627 F7 _bBC _cLIBRO _d33724000019998 _eLIBRO _gI.156451 _h79345 _i3620 _si _t454.20 |
||
| 999 |
_c3445 _d3445 |
||